000 01646nam a2200313 a 4500
001
003 DO-SdBNP
005 20210512114549.0
008 100910s2016 dr bc 000 0 spa d
020 _a9789945903300
040 _aBPMSU
_bspa
_cBPMSU
082 _a972.9356
_bE77c, 2016
_222
100 1 _aEspinal Estévez, Piero,
_d1974-
245 1 0 _aCrónicas de San José de las Matas /
_cPiero Espinal Estévez ; prólogo Edwin Espinal Hernández.
250 _a2a. ed.
260 _aSanto Domingo :
_bLetra Gráfica,
_bOpus,
_c2016.
300 _a3 v. :
_bil., mapas ; retrs. ;
_c23 cm.
500 _aIncluye referencias bibliográficas y notas al pie de las páginas
500 _aIncluye datos biográficos del autor en la solapa de la cubierta
505 0 _aPrólogo -- Fundación de San José de las Matas -- San José de las Matas patriótico -- Revolución de 1912 -- Gobierno de Hracio Vásquez -- Era de Trujillo -- Manaclas -- Alcaldía comunal -- Comandancia de armas -- Ayuntamiento -- El Pueblo --Carreras --Fuegos -- Religión -- Salud -- Educación -- Cultura -- Cooperativa San José -- Asociación pro desarrollo -- Deportes -- Documentos de notaría de San José de las Matas.
590 _aInventariado, 2021/VM
650 4 _aCiudades y pueblos
_zRepública Dominicana
651 4 _aSan José de las Matas (República Dominicana)
_xHistoria local
651 4 _aSan José de las Matas (República Dominicana)
_xCondiciones sociales
651 4 _aSan José de las Matas (República Dominicana)
_xVida social y costumbres
700 1 _aEspinal Hernández, Edwin
_epról.
910 _aVMateo
942 _2ddc
_cBK
999 _c13483
_d13483